Restoring balance (Record no. 204299)
[ view plain ]
| 000 -LEADER | |
|---|---|
| fixed length control field | 01916nam a2200421 a 4500 |
| 100 1# - MAIN ENTRY--AUTHOR NAME | |
| Personal name | Asaduzzaman, M. |
| 245 10 - TITLE STATEMENT | |
| Title | Restoring balance |
| 260 ## - PUBLICATION, DISTRIBUTION, ETC. (IMPRINT) | |
| Place of publication | Washington, D.C. : |
| Name of publisher | World Bank, |
| Year of publication | 2010. |
| 300 ## - PHYSICAL DESCRIPTION | |
| Number of Pages | xxvi, 141 p. : |
| Other physical details | ill., maps. |
| 490 1# - SERIES STATEMENT | |
| Series statement | World Bank working paper, |
| 500 ## - GENERAL NOTE | |
| General note | "This study was conducted with the technical and financial support from the Energy Sector Management Assistance Program (ESMAP), the collaborative efforts of the Bangladesh Institute of Development Studies (BIDS) in Dhaka and the World Bank" --p. xi. |
| 650 #0 - SUBJECT ADDED ENTRY--TOPICAL TERM | |
| Topical Term | Energy consumption |
| Topical Term | Rural public utilities |
| 700 1# - ADDED ENTRY--PERSONAL NAME | |
| Personal name | Barnes, Douglas F. |
| Personal name | Khandker, Shahidur R. |
| 856 40 - ELECTRONIC LOCATION AND ACCESS | |
| Uniform Resource Identifier | http://site.ebrary.com/lib/rucke/Doc?id=10383960 |
No items available.
